<?xml version="1.0" encoding="UTF-8"?>
<marc:record xmlns:marc="http://www.loc.gov/MARC21/slim">
   <marc:leader>00000nam a2200000 a 4500</marc:leader>
   <marc:datafield ind1="1" ind2=" " tag="100">
      <marc:subfield code="a">Zillgens, Gerlis</marc:subfield>
      <marc:subfield code="4">ctb</marc:subfield>
      <marc:subfield code="e">Mitwirkende/-r</marc:subfield>
   </marc:datafield>
   <marc:datafield ind1="0" ind2="0" tag="245">
      <marc:subfield code="a">Alles Emma - auf ein Neues!</marc:subfield>
   </marc:datafield>
   <marc:datafield ind1="0" ind2="0" tag="245">
      <marc:subfield code="b">der neue Hierschreibenwir-Roman</marc:subfield>
   </marc:datafield>
   <marc:datafield ind1="0" ind2="0" tag="245">
      <marc:subfield code="c">Gerlis Zillgens. [Außerdem haben mitgeschrieben: Kristina Schmidt ...</marc:subfield>
   </marc:datafield>
   <marc:datafield ind1=" " ind2="1" tag="264">
      <marc:subfield code="a">Reinbek bei Hamburg</marc:subfield>
      <marc:subfield code="b">Rowohlt-Taschenbuch-Verl.</marc:subfield>
      <marc:subfield code="c">2008</marc:subfield>
   </marc:datafield>
   <marc:datafield ind1="1" ind2=" " tag="490">
      <marc:subfield code="a">Rororo</marc:subfield>
      <marc:subfield code="v">21481 : rororo Rotfuchs : Chaos, Küsse, Katastrophen</marc:subfield>
   </marc:datafield>
   <marc:datafield ind1=" " ind2=" " tag="250">
      <marc:subfield code="a">Orig.-Ausg.</marc:subfield>
   </marc:datafield>
   <marc:datafield ind1="1" ind2=" " tag="520">
      <marc:subfield code="a">Angaben aus der Verlagsmeldung

Alles Emma - auf ein Neues / von Gerlis Zillgens

Emma, fünfzehn und Neu-Kölnerin, plant in

den Osterferien einen Trip mit ihrer Freundin

Anna in die alte Heimat Hamburg, um Greta

zu besuchen. Die drei freuen sich auf coole

Tage, an denen sie shoppen, schwimmen und &#x96;

hoffentlich! &#x96; Jungs kennenlernen. Emmas

Mama Katinka will auch wegfahren. Zwei

Wochen Bergwandern in Österreich mit ihrem

neuen Lover Malte! Wäre kein Problem, wenn

Emma zu Hause bleiben dürfte. Sie ist schließlich

fast erwachsen. Darf sie aber nicht. Sie muss

mit in die öden Berge. Trotz allem Protest,

Emma beißt auf Granit.Was nun? Die drei

Freundinnen tüfteln einen Plan aus &#x85;
</marc:subfield>
   </marc:datafield>
   <marc:datafield ind1=" " ind2=" " tag="020">
      <marc:subfield code="a">9783499214813</marc:subfield>
      <marc:subfield code="9">9783499214813</marc:subfield>
   </marc:datafield>
   <marc:datafield ind1=" " ind2=" " tag="041">
      <marc:subfield code="a">ger</marc:subfield>
   </marc:datafield>
   <marc:datafield ind1=" " ind2=" " tag="300">
      <marc:subfield code="a">169 S.</marc:subfield>
   </marc:datafield>
</marc:record>
